Straight choices : (Record no. 362150)
[ view plain ]
| 000 -LEADER | |
|---|---|
| fixed length control field | 00548nam a2200145Ia 4500 |
| 008 - FIXED-LENGTH DATA ELEMENTS--GENERAL INFORMATION | |
| fixed length control field | 190920s9999 xx 000 0 und d |
| 020 ## - INTERNATIONAL STANDARD BOOK NUMBER | |
| International Standard Book Number | 978-1-84169-589-1 |
| 100 ## - MAIN ENTRY--PERSONAL NAME | |
| Personal name | Newell, Benjamin R. |
| 245 ## - TITLE STATEMENT | |
| Statement of responsibility, etc | Newell, Benjamin R.; Lagnado, David A. ; Shanks, David R..-- |
| Title | Straight choices : |
| Remainder of title | the psychology of decision making / |
| 260 ## - PUBLICATION, DISTRIBUTION, ETC. (IMPRINT) | |
| Place of publication, distribution, etc | NY : |
| Name of publisher, distributor, etc | Psychology Press ; Taylor & Francis Group |
| Date of publication, distribution, etc | 2007 |
| 300 ## - PHYSICAL DESCRIPTION | |
| Extent | 252 pages : |
| 500 ## - GENERAL NOTE | |
| General note | Includes references, author and subject index |
| 650 ## - SUBJECT ADDED ENTRY--TOPICAL TERM | |
| Topical term or geographic name as entry element | Decision making. |
| 650 ## - SUBJECT ADDED ENTRY--TOPICAL TERM | |
| Topical term or geographic name as entry element | Learning, Psychology of. |
No items available.